000 01000cam a2200301 a 4500
001 14032647
003 OSt
005 20140310182035.0
008 050711s2004 enkab b 001 0 eng
010 _a 2005279289
020 _a0304337315
040 _aDLC
_cDLC
_dDLC
050 0 0 _aBL 80.3
_b.C689 1996
100 _aDouglas Charing
_910587
130 0 _aComparative religions.
_910588
245 1 0 _aSix world faiths /
_cDouglas Charing ... [et al.] ; edited by W. Owen Cole.
260 _aLondon ;
_aNew York :
_bContinuum,
_c2004.
300 _a346 p. :
_bill., 2 maps ;
_c20 cm.
504 _aIncludes bibliographical references (p. 335-336) and index.
650 0 _aReligions.
_910010
700 1 _aCharing, Douglas.
_910589
700 1 _aCole, W. Owen
_q(William Owen)
_910590
740 0 _a5 world faiths.
906 _a7
_bcbc
_corigcop
_d2
_encip
_f20
_gy-gencatlg
942 _2lcc
_cHS
999 _c8654
_d8654